000 00374nam a22001457a 4500
003 OSt
008 200124b ||||| |||| 00| 0 eng d
020 _a9789388137812
082 _a004
_bMAG
100 _aMADE EASY
245 _aGATE 2020: Computer Science and IT Engineering (Previous Solved Papers)
250 _a13th
260 _aNew Delhi
_bMade Easy
942 0 0 _2ddc
_cREF
999 _c8423
_d8423